000 00297nam a2200133 i 4500
001 bg
100 1 _aVITTEN, R.K.
245 0 _aFizika niżnej ionosfery /
_cR.K. Vitten.
260 _aMoskva,
_c1968.
040 _cBPK
041 _apol
942 _cKS
008 s pl f |000 0 pol
999 _c8702
_d8702
856 _uhttp://koha.tu.koszalin.pl/cgi-bin/koha/opac-detail.pl?biblionumber=8702
_yKatalog online BPK